00924nam a2200229 i 4500001000700000003000900007005001700016007000300033008004100036080002100077100003700098245013400135260003500269300002200304490004800326600005500374700004700429830005600476852002200532999001900554952012100573150514ES-MaACL20231223063105.0t|071031s1956 sp ||||1| spa d a929 Valera, Juan1 aValera, Juan,d1824-1905911263810aCorrespondencia de Don Juan Valera (1859-1905) b: cartas inéditas / cpublicadas con una introducción de Cyrus C. de Coster. aValencia : bCastalia, c1956. a318 p. ; c22 cm.1 aBiblioteca de erudición y crítica ; v214aValera, Juan,d1824-1905-vCorrespondencia91126401 aDeCoster, Cyrus Cole (d1914-1999)91761981 aBiblioteca de erudición y crítica ; v291855654 aES-MaACLjC-10910 c150514d150514 00104070aATENEOMbATENEOMcSPALd2008-01-17eSCl0oC-10910p1157059r2023-02-23 00:00:00w2023-02-23yMONOGRAFIA